| 000 | 00804nam a2200241Ia 4500 | ||
|---|---|---|---|
| 999 |
_c11788 _d11788 |
||
| 082 | _aTS.0002 | ||
| 100 | _aSewa Singh | ||
| 245 | 0 | _aComparative study of personality characterstics of drug-users and non users among university students | |
| 260 |
_c1977 _bUniversity of Delhi |
||
| 300 | _a237p. + C D - 51 | ||
| 650 | _aCOLLEGE STUDENTS - PSYCHOLOGY | ||
| 650 | _aNARCOTICS HABIT///DRUG ABUSE | ||
| 650 | _aYOUTH AND DRUGS//DRUGS AND YOUTH | ||
| 650 | _aDRUG ABUSE - INDIA | ||
| 650 | _aCOLLEGE STUDENTS - PERSONALITY//COLLEGE STUDENTS - PSYCHOLOGY | ||
| 650 | _aUNIVERSITY STUD | ||
| 650 | _aDRUGS AND YOUTH | ||
| 650 | _aDRUG ADDICTION//DRUG ABUSE | ||
| 650 | _aDRUG HABIT//DRUG ABUSE | ||
| 650 | _aNARCOTICS AND YOUTH//DRUGS AND YOUTH | ||
| 710 | _aBroota, K.D. | ||
| 942 |
_cTH _2ddc |
||